| 000 | 00808nam a22002177a 4500 | ||
|---|---|---|---|
| 999 |
_c12724 _d12724 |
||
| 003 | AR-CdUCM | ||
| 008 | 190410b ||||| |||| 00| 0 spa d | ||
| 040 |
_aMUNICIPALIDAD PROVINCIAL DEL CUSCO _cBIBLIOTECA MUNICIPAL DEL CUSCO |
||
| 082 |
_aC / 328.85 / _bE93 |
||
| 100 |
_aEstrada Pérez, Daniel _94652 |
||
| 245 | _aInforme de gestión parlamentaria / | ||
| 260 |
_aCusco : _bEdmundo Pantigozo, _c2000. |
||
| 300 |
_a196 páginas ; _bIlustración, _c20.5 cm. |
||
| 505 | _aContenido: El Perú de hoy -- Función parlamentaria -- Descentralización -- Municipalidades -- Regiones -- Problemática laboral ... | ||
| 650 |
_aPoder legislativo _98900 |
||
| 650 |
_aCongreso _912680 |
||
| 650 |
_aPerú _935 |
||
| 710 |
_aCongreso de la república _930737 |
||
| 942 |
_2ddc _cLIBROS |
||
| 945 |
_aacv _d2019-04-10 |
||